000 00880cam a2200313 a 4500
001 15107494
003 ost
005 20140310184514.0
008 071210s2008 nyu c 000 1 eng
010 _a 2007045036
020 _a9780545052641
020 _a9780545052658 (alk. paper)
040 _aDLC
_cDLC
_dDLC
042 _alcac
050 0 0 _aPZ 7
_b.P61464Mel 2010
100 1 _aPierce, Tamora.
_919642
245 1 0 _aMelting stones /
_cTamora Pierce.
250 _a1st ed.
260 _aNew York :
_bScholastic Press,
_c2010.
300 _a312 p. ;
_c22 cm.
521 _aG3
526 _c590
650 1 _aMagic
_vFiction.
_929307
650 1 _aFantasy.
_93293
856 4 1 _3Table of contents only
_uhttp://www.loc.gov/catdir/toc/ecip087/2007045036.html
906 _a7
_bcbc
_corignew
_d1
_eecip
_f20
_gy-gencatlg
942 _2lcc
_cBK-SCHOLAS
999 _c34921
_d34921